000 02636ncm0a2200409 4500
001 RU\NLR\ONIZ\263221
005 20250624030217.0
035 _a(NLR Aleph) 012411848
071 2 0 _aA. 99 I.
090 _a11779882
_c11779882
100 _a20201019g19009999|||y0rusy50 ca
101 0 _arus
_afre
102 _aRU
125 _azx
128 _ast
145 0 _ab
200 1 _aExercices préparatoires [pour piano]
_bНоты
_eservant à acquérir une indépendance et égalité des doigts possible
_eop. 16
_fpar A. Schmitt
210 _aС. Петербург
_cу А. Jогансена
_aМосква
_cу А. Гутхейль
_d[190-]
215 _a11 с.
_d34 см
225 1 _aВыбор этюдов и упражнений для фортепиано, принятых в главнейших консерваториях и музыкальных школах
313 _aСистематизация документа проведена по изданию - Методика классифицирования музыкальных произведений (нотных изданий) по таблицам Библиотечно-библиографических классификаций : метод. рекомендации / Гос. б-ка СССР им. В.И. Ленина.- М., 1977. Индексу ББК методических рекомендаций присваивается код ББК для научных библиотек - LBC/SL
500 0 0 _aПодготовительные упражнения для фортепиано (для обретения независимости и равенства пальцев)
_bНоты
_sOp. 16
_rФортепиано
606 1 _aУчебно-педагогический репертуар для фортепиано
_yГермания
_z19-20 вв.
_jНоты
_2nlr_sh
606 1 _aУпражнения для фортепиано
_yГермания
_z19-20 вв.
_jНоты
_jУчебно-методические пособия
_2nlr_sh
686 _aЩ954.294(4Г)
_vLBC/SL
_2rubbk
700 1 _9z01790
_aШмитт
_bА.
_f1827-1902
_gАлоис
_4230
_7ca
703 1 _9z02790
_aБеляев
_bВ. М.
_cмузыковед
_f1888-1968
_gВиктор Михайлович
_4390
790 1 _9z01700
_aSchmitt
_bA.
_f1827-1902
_gAlois
_4230
_7ba
790 1 _9z02703
_aBeljaev
_bV. M.
_f1888-1968
_gViktor Mihailovič
_4390
_7ba
801 0 _aRU
_bNLR
_c20201019
_gPSBO
801 1 _aRU
_bNLR
_c20201019
_2rusmarc
801 2 _aRU
_bNLR
_c20201114
852 _aNLR
_bМ
_jБел-4/102
_p269094
_t1
942 _cSCORE
980 _aNB
980 _aONIZ